| 000 | 00564nam a22001937a 4500 | ||
|---|---|---|---|
| 001 | 735512 | ||
| 003 | AM-YEHGA | ||
| 005 | 20250618075357.0 | ||
| 008 | 210211b1961 ru ||||| |||| 00| 0 rus d | ||
| 040 | _aAM-YeHGA | ||
| 041 | 0 | _arus | |
| 245 | 0 | 0 |
_aПесня : _bРассказы. |
| 260 |
_aМосква : _bгаз. "Красная звезда", _c1961 |
||
| 300 |
_a32 с., _bил. |
||
| 440 | 0 |
_aБ-чка "Красной звезды" _n10 (70) |
|
| 650 | 1 |
_aХудожественная литература _94918 |
|
| 942 |
_2udc _cBK |
||
| 090 | _c461314 | ||
| 999 |
_c458260 _d458260 |
||